[Event "DVM U10 2016"]
[Site "Magdeburg GER"]
[Date "2016.12.28"]
[Round "3"]
[White "Zöllner, Bente"]
[Black "Huo, Da"]
[Result "0-1"]
[Termination "normal"]
[Board "2.1"]
[WhiteElo "1402"]
[BlackElo "1707"]
[WhiteClock "00:04:30"]
[BlackClock "00:04:03"]
[WhiteTeam "Stader SV 1"]
[BlackTeam "Hamburger SK 1"]
[PlyCount "112"]
[WhiteFideId "16230523"]
[BlackFideId "16221206"]
[EventCountry "GER"]
[EventRounds "7"]
[EventType "team-swiss"]
[EventDate "2016.12.27"]

1. d4 {[%clk 0:59:58]} Nf6 {[%clk 0:59:54]} 2. Nf3 {[%clk 0:59:48]} c5 {[%clk
0:59:34]} 3. c3 {[%clk 0:59:25]} e6 {[%clk 0:59:10]} 4. Bf4 {[%clk 0:59:04]} b6
{[%clk 0:57:40]} 5. e3 {[%clk 0:58:31]} Bb7 {[%clk 0:57:00]} 6. Bd3 {[%clk
0:58:04]} d5 {[%clk 0:56:07]} 7. b3 {[%clk 0:56:40]} Be7 {[%clk 0:53:20]} 8.
Nbd2 {[%clk 0:56:16]} Nbd7 {[%clk 0:52:52]} 9. c4 {[%clk 0:55:04]} O-O {[%clk
0:50:54]} 10. O-O {[%clk 0:54:22]} Nh5 {[%clk 0:47:53]} 11. Qc2 {[%clk
0:51:33]} Nxf4 {[%clk 0:44:24]} 12. exf4 {[%clk 0:49:36]} Kh8 {[%clk 0:41:00]}
13. Bxh7 {[%clk 0:46:23]} g6 {[%clk 0:40:53]} 14. Bxg6 {[%clk 0:46:13]} fxg6
{[%clk 0:40:42]} 15. Qxg6 {[%clk 0:45:42]} Rf6 {[%clk 0:40:00]} 16. Qh5+ {[%clk
0:45:09]} Kg7 {[%clk 0:36:32]} 17. Ng5 {[%clk 0:42:54]} Qh8 {[%clk 0:35:04]}
18. Qxh8+ {[%clk 0:41:36]} Rxh8 {[%clk 0:35:02]} 19. dxc5 {[%clk 0:40:45]} Nxc5
{[%clk 0:33:17]} 20. Rfe1 {[%clk 0:39:44]} Rg6 {[%clk 0:31:12]} 21. Ndf3 {[%clk
0:37:59]} Bxg5 {[%clk 0:29:12]} 22. Nxg5 {[%clk 0:37:34]} dxc4 {[%clk 0:27:17]}
23. bxc4 {[%clk 0:33:50]} Rf8 {[%clk 0:25:36]} 24. g3 {[%clk 0:31:49]} Re8
{[%clk 0:22:31]} 25. Rad1 {[%clk 0:31:02]} e5 {[%clk 0:21:44]} 26. Nh3 {[%clk
0:27:56]} Ba6 {[%clk 0:20:27]} 27. fxe5 {[%clk 0:25:33]} Bxc4 {[%clk 0:19:33]}
28. a3 {[%clk 0:24:22]} Nd3 {[%clk 0:17:04]} 29. Re4 {[%clk 0:21:37]} Nxe5
{[%clk 0:14:57]} 30. Rd7+ {[%clk 0:17:42]} Nxd7 {[%clk 0:14:20]} 31. Rxe8
{[%clk 0:17:31]} Re6 {[%clk 0:11:04]} 32. Ra8 {[%clk 0:13:40]} Bd5 {[%clk
0:10:58]} 33. f4 {[%clk 0:12:05]} Bxa8 {[%clk 0:10:50]} 34. f5 {[%clk 0:10:56]}
Re5 {[%clk 0:09:28]} 35. g4 {[%clk 0:10:03]} Nf6 {[%clk 0:08:54]} 36. g5 {[%clk
0:09:01]} Ng4 {[%clk 0:08:27]} 37. f6+ Kf8 {[%clk 0:08:08]} 38. Kf1 {[%clk
0:07:41]} Nxh2+ {[%clk 0:07:47]} 39. Kf2 {[%clk 0:07:11]} Ng4+ {[%clk 0:07:39]}
40. Kg3 {[%clk 0:07:01]} Nxf6 {[%clk 0:07:07]} 41. gxf6 {[%clk 0:06:31]} Re3+
{[%clk 0:07:02]} 42. Kg4 {[%clk 0:06:17]} Rxa3 {[%clk 0:06:35]} 43. Nf4 {[%clk
0:05:34]} Ra4 {[%clk 0:06:19]} 44. Kf5 {[%clk 0:05:18]} Rxf4+ {[%clk 0:05:58]}
45. Kxf4 {[%clk 0:05:13]} Kf7 {[%clk 0:05:55]} 46. Kf5 {[%clk 0:05:03]} a5
{[%clk 0:05:44]} 47. Kg5 {[%clk 0:04:55]} a4 {[%clk 0:05:41]} 48. Kf5 {[%clk
0:04:48]} a3 {[%clk 0:04:29]} 49. Ke5 {[%clk 0:04:48]} a2 {[%clk 0:04:24]} 50.
Kf5 {[%clk 0:04:46]} a1=Q {[%clk 0:04:21]} 51. Kg5 {[%clk 0:04:41]} Qxf6+
{[%clk 0:04:19]} 52. Kg4 {[%clk 0:04:39]} Bf3+ {[%clk 0:04:18]} 53. Kg3 {[%clk
0:04:38]} Be2 {[%clk 0:04:16]} 54. Kg2 {[%clk 0:04:35]} Qf1+ {[%clk 0:04:12]}
55. Kg3 {[%clk 0:04:33]} Qf3+ {[%clk 0:04:10]} 56. Kh4 {[%clk 0:04:30]} Qg4#
{[%clk 0:04:03]} 0-1

[Event "DVM U10 2016"]
[Site "Magdeburg GER"]
[Date "2016.12.28"]
[Round "3"]
[White "Hinz, Paolo"]
[Black "Garner, Isaac"]
[Result "0-1"]
[Termination "normal"]
[Board "2.3"]
[WhiteElo "1157"]
[BlackElo "1198"]
[WhiteClock "00:40:51"]
[BlackClock "00:45:16"]
[WhiteTeam "Stader SV 1"]
[BlackTeam "Hamburger SK 1"]
[PlyCount "38"]
[WhiteFideId "16230540"]
[BlackFideId "16239261"]
[EventCountry "GER"]
[EventRounds "7"]
[EventType "team-swiss"]
[EventDate "2016.12.27"]

1. d4 {[%clk 0:59:57]} Nf6 {[%clk 0:59:53]} 2. c4 {[%clk 0:59:49]} c5 {[%clk
0:59:49]} 3. Nf3 {[%clk 0:59:38]} e6 {[%clk 0:59:16]} 4. Nc3 {[%clk 0:59:29]}
cxd4 {[%clk 0:58:49]} 5. Nxd4 {[%clk 0:59:13]} Nc6 {[%clk 0:57:47]} 6. Nf3
{[%clk 0:58:59]} Bb4 {[%clk 0:57:07]} 7. Bd2 {[%clk 0:58:23]} O-O {[%clk
0:56:54]} 8. e3 {[%clk 0:58:06]} b6 {[%clk 0:56:07]} 9. Bd3 {[%clk 0:57:11]}
Bb7 {[%clk 0:55:35]} 10. Qc2 {[%clk 0:54:42]} Be7 {[%clk 0:54:21]} 11. a3
{[%clk 0:54:08]} h6 {[%clk 0:53:12]} 12. O-O {[%clk 0:53:22]} Rc8 {[%clk
0:50:15]} 13. Rfd1 {[%clk 0:52:55]} Qc7 {[%clk 0:49:24]} 14. Rac1 {[%clk
0:52:44]} Ne5 {[%clk 0:48:05]} 15. Nxe5 {[%clk 0:48:17]} Qxe5 {[%clk 0:47:47]}
16. e4 {[%clk 0:47:37]} Ng4 {[%clk 0:45:41]} 17. f4 {[%clk 0:44:25]} Qd4+
{[%clk 0:45:25]} 18. Kh1 {[%clk 0:41:07]} Nf2+ {[%clk 0:45:19]} 19. Kg1 {[%clk
0:40:51]} Nh3+ {[%clk 0:45:16]} 0-1

[Event "DVM U10 2016"]
[Site "Magdeburg GER"]
[Date "2016.12.28"]
[Round "3"]
[White "Kort, Felix"]
[Black "Jafarzadeh, Aria"]
[Result "1/2-1/2"]
[Termination "normal"]
[Board "2.4"]
[WhiteElo "1572"]
[BlackElo "932"]
[WhiteClock "00:02:59"]
[BlackClock "00:23:01"]
[WhiteTeam "Hamburger SK 1"]
[BlackTeam "Stader SV 1"]
[PlyCount "134"]
[WhiteFideId "16220129"]
[EventCountry "GER"]
[EventRounds "7"]
[EventType "team-swiss"]
[EventDate "2016.12.27"]

1. d4 {[%clk 0:59:57]} b6 {[%clk 0:59:48]} 2. c4 {[%clk 0:58:38]} Bb7 {[%clk
0:59:36]} 3. Nc3 {[%clk 0:58:28]} Nf6 {[%clk 0:59:24]} 4. e3 {[%clk 0:56:55]}
d5 {[%clk 0:59:03]} 5. Nf3 {[%clk 0:55:51]} e6 {[%clk 0:58:30]} 6. Be2 {[%clk
0:53:58]} Bb4 {[%clk 0:57:38]} 7. Qa4+ {[%clk 0:50:44]} Nc6 {[%clk 0:57:18]} 8.
Ne5 {[%clk 0:50:02]} Bxc3+ {[%clk 0:57:03]} 9. bxc3 {[%clk 0:49:04]} Qd6 {[%clk
0:56:26]} 10. Ba3 {[%clk 0:45:20]} Qd8 {[%clk 0:48:12]} 11. Nxc6 {[%clk
0:42:45]} Qd7 {[%clk 0:47:56]} 12. cxd5 {[%clk 0:41:26]} exd5 {[%clk 0:47:34]}
13. Bb5 {[%clk 0:41:07]} a6 {[%clk 0:46:59]} 14. Ne5 {[%clk 0:35:02]} axb5
{[%clk 0:46:13]} 15. Nxd7 {[%clk 0:34:49]} Rxa4 {[%clk 0:46:05]} 16. Nxf6+
{[%clk 0:34:38]} gxf6 {[%clk 0:45:51]} 17. Bb4 {[%clk 0:33:56]} Rg8 {[%clk
0:45:14]} 18. O-O {[%clk 0:33:29]} Bc8 {[%clk 0:44:57]} 19. Rfe1 {[%clk
0:31:59]} Bh3 {[%clk 0:44:32]} 20. g3 {[%clk 0:31:51]} Ra8 {[%clk 0:43:42]} 21.
e4 {[%clk 0:30:38]} dxe4 {[%clk 0:43:22]} 22. Rxe4+ {[%clk 0:29:56]} Kd7 {[%clk
0:42:39]} 23. Re7+ Kc6 {[%clk 0:41:44]} 24. Rxf7 {[%clk 0:29:36]} Rg6 {[%clk
0:41:06]} 25. Rxh7 {[%clk 0:29:00]} Bf5 {[%clk 0:40:54]} 26. Rf7 {[%clk
0:27:36]} Be6 {[%clk 0:40:15]} 27. Re7 {[%clk 0:26:24]} f5 {[%clk 0:39:16]} 28.
a3 {[%clk 0:24:56]} Bd5 {[%clk 0:38:28]} 29. Re5 {[%clk 0:23:30]} Be4 {[%clk
0:37:31]} 30. Rd1 {[%clk 0:22:03]} Rh8 {[%clk 0:37:06]} 31. d5+ {[%clk
0:21:14]} Kd7 {[%clk 0:36:36]} 32. Rc1 {[%clk 0:19:31]} Rxh2 {[%clk 0:34:33]}
33. Rxe4 {[%clk 0:18:10]} Rgh6 {[%clk 0:33:15]} 34. Rh4 {[%clk 0:17:06]} R2xh4
{[%clk 0:32:24]} 35. gxh4 {[%clk 0:16:48]} c5 {[%clk 0:32:05]} 36. Bxc5 {[%clk
0:15:16]} bxc5 {[%clk 0:31:37]} 37. Rb1 {[%clk 0:14:43]} Rb6 {[%clk 0:31:20]}
38. c4 {[%clk 0:13:40]} Kd6 {[%clk 0:31:03]} 39. a4 {[%clk 0:12:43]} Ke5 {[%clk
0:30:38]} 40. Rxb5 {[%clk 0:12:27]} Ra6 {[%clk 0:30:05]} 41. h5 {[%clk
0:10:53]} Rxa4 {[%clk 0:29:59]} 42. Rxc5 {[%clk 0:10:44]} Kd6 {[%clk 0:29:29]}
43. Rc6+ {[%clk 0:10:21]} Ke5 {[%clk 0:29:20]} 44. c5 {[%clk 0:10:07]} Kxd5
{[%clk 0:28:57]} 45. Rc8 {[%clk 0:09:55]} Rg4+ {[%clk 0:28:40]} 46. Kf1 {[%clk
0:09:42]} Rh4 {[%clk 0:28:20]} 47. Rh8 {[%clk 0:07:17]} Kxc5 {[%clk 0:28:11]}
48. Kg2 {[%clk 0:07:11]} Kd5 {[%clk 0:28:01]} 49. h6 {[%clk 0:06:38]} Ke6
{[%clk 0:27:52]} 50. h7 {[%clk 0:06:16]} Kf7 {[%clk 0:27:46]} 51. Kg3 {[%clk
0:06:00]} Rh6 {[%clk 0:27:30]} 52. Kf4 {[%clk 0:05:51]} Kf6 {[%clk 0:27:00]}
53. Rf8+ {[%clk 0:05:39]} Kg7 {[%clk 0:26:49]} 54. Rxf5 {[%clk 0:05:34]} Rxh7
{[%clk 0:26:23]} 55. Kg5 {[%clk 0:05:13]} Rh8 {[%clk 0:26:09]} 56. f4 {[%clk
0:05:05]} Rf8 {[%clk 0:26:02]} 57. Rxf8 {[%clk 0:04:58]} Kxf8 {[%clk 0:25:51]}
58. f5 {[%clk 0:04:57]} Kg7 {[%clk 0:25:39]} 59. f6+ {[%clk 0:04:45]} Kf7
{[%clk 0:25:32]} 60. Kf5 {[%clk 0:04:38]} Kf8 {[%clk 0:25:16]} 61. Ke5 {[%clk
0:04:00]} Kf7 {[%clk 0:24:55]} 62. Kf5 {[%clk 0:03:59]} Kf8 {[%clk 0:23:54]}
63. Ke6 {[%clk 0:03:56]} Ke8 {[%clk 0:23:37]} 64. Kf5 {[%clk 0:03:29]} Kf8
{[%clk 0:23:16]} 65. Kg6 {[%clk 0:03:18]} Kg8 {[%clk 0:23:07]} 66. f7+ {[%clk
0:02:59]} Kf8 {[%clk 0:23:01]} 67. Kf6 Ke8 1/2-1/2

[Event "DVM U10 2016"]
[Site "Magdeburg GER"]
[Date "2016.12.28"]
[Round "3"]
[White "Costa, Leonardo"]
[Black "Prieb, Robert"]
[Result "1-0"]
[Termination "normal"]
[Board "3.1"]
[WhiteElo "1620"]
[BlackElo "1554"]
[WhiteClock "00:25:34"]
[BlackClock "00:22:49"]
[WhiteTeam "SK München Südost"]
[BlackTeam "Schachakademie Paderborn 1"]
[PlyCount "119"]
[WhiteFideId "16213955"]
[BlackFideId "16212002"]
[EventCountry "GER"]
[EventRounds "7"]
[EventType "team-swiss"]
[EventDate "2016.12.27"]

1. e4 {[%clk 1:00:00]} c5 {[%clk 0:59:55]} 2. Nf3 {[%clk 0:59:56]} d6 {[%clk
0:59:46]} 3. d4 {[%clk 0:59:52]} cxd4 {[%clk 0:59:38]} 4. Nxd4 {[%clk 0:59:47]}
Nf6 {[%clk 0:59:27]} 5. Nc3 {[%clk 0:59:41]} a6 {[%clk 0:59:12]} 6. Be2 {[%clk
0:59:03]} e5 {[%clk 0:58:46]} 7. Nb3 {[%clk 0:58:24]} Be7 {[%clk 0:58:16]} 8.
O-O {[%clk 0:58:10]} Be6 {[%clk 0:57:37]} 9. Kh1 {[%clk 0:57:26]} O-O {[%clk
0:57:06]} 10. f4 {[%clk 0:57:12]} Qc7 {[%clk 0:55:35]} 11. Be3 {[%clk 0:55:35]}
Nbd7 {[%clk 0:53:45]} 12. a4 {[%clk 0:52:50]} Rfd8 {[%clk 0:52:24]} 13. Qe1
{[%clk 0:51:03]} Nb6 {[%clk 0:50:39]} 14. Qg3 {[%clk 0:46:53]} Nc4 {[%clk
0:48:09]} 15. Bxc4 {[%clk 0:44:46]} Bxc4 {[%clk 0:47:34]} 16. Rfd1 {[%clk
0:43:45]} Nh5 {[%clk 0:46:36]} 17. Qf3 {[%clk 0:42:40]} Nxf4 {[%clk 0:45:34]}
18. Bxf4 {[%clk 0:42:16]} exf4 19. Qxf4 {[%clk 0:42:08]} Qb6 {[%clk 0:43:45]}
20. a5 {[%clk 0:35:18]} Qb4 {[%clk 0:41:08]} 21. Ra4 {[%clk 0:34:52]} d5 {[%clk
0:39:06]} 22. Rxb4 {[%clk 0:34:45]} Bxb4 {[%clk 0:38:49]} 23. Nxd5 {[%clk
0:33:40]} Bxb3 {[%clk 0:38:22]} 24. cxb3 {[%clk 0:33:12]} Bxa5 {[%clk 0:38:00]}
25. Rf1 {[%clk 0:32:55]} Rd7 {[%clk 0:37:36]} 26. Qg4 {[%clk 0:32:38]} Rd6
{[%clk 0:37:00]} 27. h3 {[%clk 0:31:33]} Re8 {[%clk 0:36:17]} 28. Nf6+ {[%clk
0:31:12]} Rxf6 {[%clk 0:35:13]} 29. Rxf6 {[%clk 0:31:10]} Bc7 {[%clk 0:32:45]}
30. Rf1 {[%clk 0:30:52]} Be5 {[%clk 0:31:57]} 31. Qd7 {[%clk 0:30:33]} Rf8
{[%clk 0:31:39]} 32. Qxb7 {[%clk 0:30:13]} Bxb2 {[%clk 0:30:58]} 33. Qxa6
{[%clk 0:30:07]} Bd4 {[%clk 0:30:30]} 34. b4 {[%clk 0:29:51]} Bc3 {[%clk
0:28:30]} 35. b5 {[%clk 0:29:44]} Bd4 {[%clk 0:28:25]} 36. b6 {[%clk 0:29:41]}
Be5 {[%clk 0:28:21]} 37. b7 {[%clk 0:29:25]} Bc7 {[%clk 0:28:11]} 38. Qb5
{[%clk 0:28:20]} Bb8 {[%clk 0:27:54]} 39. Qb3 {[%clk 0:28:11]} Bc7 {[%clk
0:27:24]} 40. Rc1 {[%clk 0:27:45]} Bf4 {[%clk 0:26:53]} 41. Rc8 {[%clk
0:27:40]} Bb8 {[%clk 0:26:43]} 42. Rxf8+ {[%clk 0:27:34]} Kxf8 {[%clk 0:26:32]}
43. Qc4 {[%clk 0:27:28]} Ke7 {[%clk 0:25:52]} 44. Qc8 {[%clk 0:27:20]} Bg3
{[%clk 0:25:16]} 45. b8=Q {[%clk 0:27:13]} Bxb8 {[%clk 0:25:08]} 46. Qxb8
{[%clk 0:27:11]} f6 {[%clk 0:24:44]} 47. Qc7+ {[%clk 0:27:04]} Kf8 {[%clk
0:24:33]} 48. g4 {[%clk 0:26:57]} Kg8 {[%clk 0:24:21]} 49. Qe7 {[%clk 0:26:53]}
h6 {[%clk 0:24:16]} 50. Kg2 {[%clk 0:26:51]} Kh7 {[%clk 0:24:03]} 51. Kf3
{[%clk 0:26:46]} Kg6 {[%clk 0:23:56]} 52. Kf4 {[%clk 0:26:42]} Kh7 {[%clk
0:23:50]} 53. Kf5 {[%clk 0:26:38]} h5 {[%clk 0:23:43]} 54. gxh5 {[%clk
0:26:29]} Kh6 {[%clk 0:23:36]} 55. e5 {[%clk 0:25:58]} fxe5 {[%clk 0:23:23]}
56. Qg5+ {[%clk 0:25:45]} Kh7 {[%clk 0:23:15]} 57. Ke6 {[%clk 0:25:42]} e4
{[%clk 0:23:03]} 58. Kf7 {[%clk 0:25:38]} g6 {[%clk 0:22:55]} 59. Qxg6+ {[%clk
0:25:34]} Kh8 {[%clk 0:22:49]} 60. Qh6# 1-0

[Event "DVM U10 2016"]
[Site "Magdeburg GER"]
[Date "2016.12.28"]
[Round "3"]
[White "Schneider, Nils"]
[Black "Glok, David"]
[Result "0-1"]
[Termination "normal"]
[Board "3.2"]
[WhiteElo "1168"]
[BlackElo "1136"]
[WhiteClock "00:48:04"]
[BlackClock "00:51:29"]
[WhiteTeam "Schachakademie Paderborn 1"]
[BlackTeam "SK München Südost"]
[PlyCount "34"]
[BlackFideId "16226224"]
[EventCountry "GER"]
[EventRounds "7"]
[EventType "team-swiss"]
[EventDate "2016.12.27"]

1. d4 {[%clk 0:59:58]} Nf6 {[%clk 0:59:47]} 2. Nf3 {[%clk 0:59:53]} d5 {[%clk
0:59:34]} 3. Bf4 {[%clk 0:59:45]} Bf5 {[%clk 0:59:22]} 4. e3 {[%clk 0:59:37]}
a6 {[%clk 0:59:07]} 5. Bd3 {[%clk 0:59:22]} Be4 {[%clk 0:58:35]} 6. Qe2 {[%clk
0:58:45]} e6 {[%clk 0:58:07]} 7. Nbd2 {[%clk 0:58:22]} Nc6 {[%clk 0:57:36]} 8.
c3 {[%clk 0:57:56]} Bd6 {[%clk 0:56:49]} 9. Bg3 {[%clk 0:57:11]} Bxg3 {[%clk
0:56:20]} 10. hxg3 {[%clk 0:57:03]} Qe7 {[%clk 0:55:33]} 11. Bxe4 {[%clk
0:56:26]} dxe4 {[%clk 0:55:19]} 12. Ng5 {[%clk 0:56:02]} O-O-O {[%clk 0:54:12]}
13. Ngxe4 {[%clk 0:55:37]} Nxe4 {[%clk 0:53:48]} 14. Nxe4 {[%clk 0:55:00]} f5
{[%clk 0:53:04]} 15. Nc5 {[%clk 0:53:40]} e5 {[%clk 0:52:08]} 16. O-O-O {[%clk
0:52:03]} exd4 {[%clk 0:51:49]} 17. Qf3 {[%clk 0:48:04]} Qxc5 {[%clk 0:51:29]}
0-1

[Event "DVM U10 2016"]
[Site "Magdeburg GER"]
[Date "2016.12.28"]
[Round "3"]
[White "Neidhold, Moritz"]
[Black "Yin, Haode"]
[Result "0-1"]
[Termination "normal"]
[Board "3.3"]
[WhiteElo "1047"]
[BlackElo "1352"]
[WhiteClock "00:28:36"]
[BlackClock "00:09:06"]
[WhiteTeam "SK München Südost"]
[BlackTeam "Schachakademie Paderborn 1"]
[PlyCount "110"]
[BlackFideId "16261348"]
[EventCountry "GER"]
[EventRounds "7"]
[EventType "team-swiss"]
[EventDate "2016.12.27"]

1. e4 {[%clk 0:59:58]} e6 {[%clk 0:59:55]} 2. d4 {[%clk 0:59:40]} d5 {[%clk
0:59:51]} 3. e5 {[%clk 0:59:33]} c5 {[%clk 0:59:45]} 4. c3 {[%clk 0:59:11]} Qb6
{[%clk 0:59:18]} 5. Nf3 {[%clk 0:58:44]} Nc6 {[%clk 0:59:08]} 6. Bd3 {[%clk
0:57:52]} Bd7 {[%clk 0:58:41]} 7. Ng5 {[%clk 0:56:51]} h6 {[%clk 0:57:30]} 8.
Nf3 {[%clk 0:56:16]} cxd4 {[%clk 0:56:41]} 9. Nbd2 {[%clk 0:55:14]} dxc3 {[%clk
0:50:55]} 10. bxc3 {[%clk 0:54:46]} Qc7 {[%clk 0:50:28]} 11. Qe2 {[%clk
0:54:15]} a6 {[%clk 0:46:28]} 12. O-O {[%clk 0:53:52]} Bc5 {[%clk 0:45:59]} 13.
Nb3 {[%clk 0:52:59]} Ba7 {[%clk 0:45:43]} 14. Nbd4 {[%clk 0:52:25]} Nxd4 {[%clk
0:43:24]} 15. Nxd4 {[%clk 0:52:10]} Ne7 {[%clk 0:41:14]} 16. Be3 {[%clk
0:51:05]} Qxe5 {[%clk 0:39:54]} 17. Rab1 {[%clk 0:49:58]} b5 {[%clk 0:35:27]}
18. Nf3 {[%clk 0:46:21]} Qc7 {[%clk 0:34:13]} 19. Rfc1 {[%clk 0:45:40]} Bxe3
{[%clk 0:32:37]} 20. Qxe3 {[%clk 0:45:06]} Rc8 {[%clk 0:26:32]} 21. Be2 {[%clk
0:44:00]} Nf5 {[%clk 0:24:18]} 22. Qd2 {[%clk 0:43:04]} Qa5 {[%clk 0:19:50]}
23. Rc2 {[%clk 0:42:35]} O-O {[%clk 0:18:49]} 24. Rbc1 {[%clk 0:42:18]} Rc7
{[%clk 0:18:29]} 25. Ne5 {[%clk 0:40:33]} Rfc8 {[%clk 0:16:55]} 26. Nxd7 {[%clk
0:39:40]} Rxd7 {[%clk 0:16:44]} 27. Bd3 {[%clk 0:38:18]} Nd6 {[%clk 0:14:42]}
28. c4 {[%clk 0:37:15]} Qxd2 {[%clk 0:14:31]} 29. Rxd2 {[%clk 0:37:10]} bxc4
{[%clk 0:14:20]} 30. Be2 {[%clk 0:36:52]} Rb8 {[%clk 0:14:13]} 31. Rdc2 {[%clk
0:36:19]} Rdb7 {[%clk 0:13:44]} 32. g3 {[%clk 0:36:01]} Rb2 {[%clk 0:13:35]}
33. a4 {[%clk 0:35:14]} a5 {[%clk 0:12:56]} 34. Bf1 {[%clk 0:34:26]} Rxc2
{[%clk 0:12:22]} 35. Rxc2 {[%clk 0:34:14]} Ne4 {[%clk 0:12:20]} 36. Bg2 {[%clk
0:33:39]} Nc5 {[%clk 0:12:05]} 37. Ra2 {[%clk 0:33:21]} Rb4 {[%clk 0:11:47]}
38. Bf3 {[%clk 0:32:57]} Rxa4 {[%clk 0:11:32]} 39. Rxa4 {[%clk 0:32:42]} Nxa4
{[%clk 0:11:26]} 40. Bd1 {[%clk 0:32:29]} Nc3 {[%clk 0:11:23]} 41. Bc2 {[%clk
0:32:09]} a4 {[%clk 0:11:17]} 42. Bxa4 {[%clk 0:31:52]} Nxa4 {[%clk 0:11:13]}
43. Kf1 {[%clk 0:31:43]} d4 {[%clk 0:11:01]} 44. Ke2 {[%clk 0:31:33]} c3 {[%clk
0:10:56]} 45. Kd1 {[%clk 0:31:21]} d3 {[%clk 0:10:50]} 46. h4 {[%clk 0:31:01]}
c2+ {[%clk 0:10:28]} 47. Kd2 {[%clk 0:30:45]} Nc5 {[%clk 0:10:21]} 48. f4
{[%clk 0:30:24]} Nb3+ {[%clk 0:10:09]} 49. Kxd3 {[%clk 0:29:49]} c1=Q {[%clk
0:10:01]} 50. Ke4 {[%clk 0:29:45]} f5+ {[%clk 0:09:42]} 51. Kf3 {[%clk
0:29:37]} Nd4+ {[%clk 0:09:34]} 52. Kg2 {[%clk 0:29:29]} Qd2+ {[%clk 0:09:29]}
53. Kf1 {[%clk 0:28:58]} Qe2+ {[%clk 0:09:17]} 54. Kg1 {[%clk 0:28:51]} Nf3+
{[%clk 0:09:12]} 55. Kh1 {[%clk 0:28:36]} Qf1# {[%clk 0:09:06]} 0-1

[Event "DVM U10 2016"]
[Site "Magdeburg GER"]
[Date "2016.12.28"]
[Round "3"]
[White "Brinkschröder, Josh"]
[Black "Oehring, Claus-Ferdinand"]
[Result "1-0"]
[Termination "normal"]
[Board "3.4"]
[WhiteElo "1139"]
[BlackElo "923"]
[WhiteTeam "Schachakademie Paderborn 1"]
[BlackTeam "SK München Südost"]
[PlyCount "91"]
[WhiteFideId "16274903"]
[EventCountry "GER"]
[EventRounds "7"]
[EventType "team-swiss"]
[EventDate "2016.12.27"]

1. d4 d5 2. Bf4 Bf5 3. Nf3 Nc6 4. c3 Nf6 5. e3 e6 6. Bb5 Qd7 7. Ne5 Qe7 8. Nxc6
bxc6 9. Bxc6+ Nd7 10. Bxa8 Qd8 11. Bc6 Bd6 12. Bxd6 cxd6 13. O-O Qc8 14. Bxd7+
Qxd7 15. Nd2 Qb5 16. b3 Bd3 17. Re1 Qc6 18. Rc1 Qa6 19. Nf3 Be4 20. a4 Bxf3 21.
Qxf3 e5 22. Qxd5 O-O 23. dxe5 dxe5 24. Qxe5 Qb7 25. Qb5 Rb8 26. Qxb7 Rxb7 27.
Red1 h6 28. b4 Kf8 29. Rd4 a6 30. Rcd1 Ke7 31. g3 Ra7 32. Rd6 a5 33. bxa5 Rxa5
34. c4 Rxa4 35. c5 Ra7 36. c6 Rc7 37. Rd7+ Rxd7 38. Rxd7+ Ke8 39. Rd3 Kf8 40.
c7 Kg8 41. c8=Q+ Kh7 42. Qc4 f6 43. Qe4+ Kg8 44. Qg6 Kf8 45. Rd7 h5 46. Qf7#
1-0

[Event "DVM U10 2016"]
[Site "Magdeburg GER"]
[Date "2016.12.28"]
[Round "3"]
[White "Atze, Reinhard"]
[Black "Klühs, Gustaf"]
[Result "0-1"]
[Termination "normal"]
[Board "4.1"]
[WhiteElo "1169"]
[BlackElo "1620"]
[WhiteClock "00:21:10"]
[BlackClock "00:02:18"]
[WhiteTeam "SK König Plauen"]
[BlackTeam "SC Borussia 1920 Friedrichsfelde"]
[PlyCount "102"]
[WhiteFideId "12995665"]
[BlackFideId "16228936"]
[EventCountry "GER"]
[EventRounds "7"]
[EventType "team-swiss"]
[EventDate "2016.12.27"]

1. e4 {[%clk 1:00:00]} c5 {[%clk 0:59:56]} 2. Nf3 {[%clk 0:59:45]} Nc6 {[%clk
0:59:40]} 3. d4 {[%clk 0:59:34]} cxd4 {[%clk 0:59:31]} 4. Nxd4 {[%clk 0:59:27]}
g6 {[%clk 0:59:14]} 5. Nc3 {[%clk 0:57:54]} Bg7 {[%clk 0:59:08]} 6. Be3 {[%clk
0:57:42]} d6 {[%clk 0:58:31]} 7. Be2 {[%clk 0:57:07]} a6 {[%clk 0:56:40]} 8. a4
{[%clk 0:55:26]} Nf6 {[%clk 0:54:47]} 9. O-O {[%clk 0:55:07]} O-O {[%clk
0:54:42]} 10. Kh1 {[%clk 0:54:47]} Bd7 {[%clk 0:51:07]} 11. f4 {[%clk 0:54:04]}
h5 {[%clk 0:45:50]} 12. f5 {[%clk 0:53:51]} Kh7 {[%clk 0:43:39]} 13. fxg6+
{[%clk 0:52:28]} fxg6 {[%clk 0:43:23]} 14. Bg5 {[%clk 0:41:43]} Nxd4 {[%clk
0:41:08]} 15. Qxd4 {[%clk 0:41:16]} Ng4 {[%clk 0:40:19]} 16. Qd3 {[%clk
0:39:38]} Nf2+ {[%clk 0:38:18]} 17. Rxf2 {[%clk 0:39:23]} Rxf2 {[%clk 0:38:10]}
18. Qg3 {[%clk 0:38:44]} Rf8 {[%clk 0:33:45]} 19. Rd1 {[%clk 0:38:12]} Be5
{[%clk 0:24:35]} 20. Qh4 {[%clk 0:37:37]} Bf6 {[%clk 0:20:23]} 21. Bd3 {[%clk
0:34:31]} Bg4 {[%clk 0:19:09]} 22. Rg1 {[%clk 0:33:36]} Bxg5 {[%clk 0:18:27]}
23. Qxg5 {[%clk 0:33:22]} e5 {[%clk 0:18:09]} 24. Qe3 {[%clk 0:32:48]} Be6
{[%clk 0:14:31]} 25. b4 {[%clk 0:32:03]} Rc8 {[%clk 0:12:57]} 26. Be2 {[%clk
0:31:25]} Qc7 {[%clk 0:12:24]} 27. Nd1 {[%clk 0:30:16]} Qxc2 {[%clk 0:11:40]}
28. b5 {[%clk 0:29:35]} Rcd8 {[%clk 0:09:54]} 29. bxa6 {[%clk 0:29:18]} bxa6
{[%clk 0:09:18]} 30. Qa7+ {[%clk 0:29:06]} Rd7 {[%clk 0:08:36]} 31. Qxa6 {[%clk
0:28:45]} Qxe4 {[%clk 0:06:51]} 32. Bd3 {[%clk 0:28:28]} Qb7 {[%clk 0:06:20]}
33. Qa5 {[%clk 0:27:39]} Ra8 {[%clk 0:05:32]} 34. Qd2 {[%clk 0:27:09]} Rxa4
{[%clk 0:04:34]} 35. Qe2 {[%clk 0:26:51]} Bg4 {[%clk 0:04:15]} 36. Qf1 {[%clk
0:26:32]} Rf4 {[%clk 0:04:06]} 37. Qe1 {[%clk 0:25:47]} e4 {[%clk 0:03:25]} 38.
Be2 {[%clk 0:25:30]} Bxe2 {[%clk 0:03:22]} 39. Qxe2 {[%clk 0:25:22]} Rdf7
{[%clk 0:03:21]} 40. h3 {[%clk 0:24:36]} R7f5 {[%clk 0:03:05]} 41. Kh2 {[%clk
0:24:11]} Qb6 {[%clk 0:02:49]} 42. Ne3 {[%clk 0:23:58]} Rf2 {[%clk 0:02:41]}
43. Qc4 {[%clk 0:23:40]} Qxe3 {[%clk 0:02:32]} 44. Qc7+ {[%clk 0:23:21]} Kh6
{[%clk 0:02:32]} 45. Qxd6 {[%clk 0:23:02]} Qf4+ {[%clk 0:02:30]} 46. Qxf4+
{[%clk 0:22:46]} R2xf4 {[%clk 0:02:29]} 47. Kh1 {[%clk 0:22:08]} Rf1 {[%clk
0:02:28]} 48. Rxf1 {[%clk 0:21:52]} Rxf1+ {[%clk 0:02:27]} 49. Kh2 {[%clk
0:21:44]} e3 {[%clk 0:02:26]} 50. g3 {[%clk 0:21:32]} e2 {[%clk 0:02:24]} 51.
h4 {[%clk 0:21:10]} e1=Q {[%clk 0:02:18]} 0-1